Statistics for Countries That Have The Shortest Coastline

Click here to take the quiz!

General Stats

  • This quiz has been taken 33 times
  • The average score is 10 of 15

Answer Stats

Length of CoastlineAnswer% Correct
4.1 kmMonaco
97%
30 kmNauru
83%
20 kmBosnia and Herzegovina
76%
80 kmGambia
76%
24 kmTuvalu
72%
46.6 kmSlovenia
69%
56 kmTogo
69%
66.5 kmBelgium
66%
37 kmDemocratic Republic of the Congo
62%
97 kmBarbados
55%
121 kmGrenada
52%
58 kmIraq
52%
90 kmLithuania
52%
26 kmJordan
48%
84 kmSaint Vincent and the Grenadines
48%

Score Distribution

Percentile by Number Answered

Percent of People with Each Score

Your Score History

You have not taken this quiz